Disney Princesses - Statistics

General Stats
  • This quiz has been taken 99 times
  • The average score is 15 of 17
Answer Stats
Picture Answer % Correct
Anna
100%
Belle
100%
Elsa
100%
Jasmine
100%
Ariel
99%
Moana
97%
Mulan
97%
Tiana
97%
Alice
92%
Aurora
92%
Cinderella
92%
Pocahontas
92%
Rapunzel
92%
Snow White
92%
Merida
90%
Raya
79%
Vannelope
32%
No matching quizzes found
Score Distribution
Percent of People with Each Score
Percentile by Number Answered
Your Score History
You have not taken this quiz